000 01341nam a2200313 i 4500
003 EG-GICUC
005 20260210093012.0
008 251124s2006 us ||||fr|||| 001 0 ara d
040 _a EG-GICUC
_bara
_c EG-GICUC
_d EG-GICUC
_erda
041 _aara
082 0 4 _a343.421
_bع ز . م
_221
092 0 4 _221
099 _aLaw1 10 343.421 ع ز . م 2006 1006914
100 0 _aعز الدين الدناصوري.
_eمؤلف.
245 1 2 _aالمسؤولية الجنائية في قانون المخدرات /
_cالمستشار عز الدين الدناصوري، الدكتور عبد الحميد محمد الشواربي.
264 1 _aالإسكندرية، مصر :
_bمركز الدلتا للطباعة،
_c2006.
300 _a882 صفحة ؛
_c24 سم.
_bإيضاحيات، صور، مثيليات ؛
336 _2rda content
_atext
337 _2rda media
_aComputer
338 _2rda carrier
_aOnline Resource
504 _aيشتمل على ارجاعات ببليوجرافية.
546 _aالنص باللغة العربية
650 1 _a التشريعات المتعلقة بالمخدرات.
_2qrmak
651 1 _2qrmak
700 _aعبد الحميد محمد الشواربي.
_eمؤلف.
856 4 0 _uhttps://fll.law.cu.edu.eg/fulltext/bks/B10-06914.pdf
905 _a18
942 _2ddc
_n0
_cBK
_e21
999 _c45802
_d45802